000
00327nam a22001457a 4500
008
230721b ||||| |||| 00| 0 eng d
020
_a
9780387903348
041
_a
eng
080
_a
575
082
_a
575SCH
100
_a
13
101
_a
BIOKI
245
_a
PRINCIPLES OF PROTEIN STRUCTURE
_c
SCHULZ .E.G
942
_2
udc
_c
BK
999
_c
60199
_d
60199